00599nam a2200181Ia 4500008004100000040001900041041001200060082002700072100002000099245006900119260003900188300003600227440003800263504003400301650004700335651001400382850002100396131103s9999 xx 000 0 und d aLoreto College aEnglish a371.42/MYEbLCBED/1380 aMyers,George E. aPrinciples and techniques of vocational guidancecGeorge E.Myers aNew YorkbMcGraw - Hill Bookc1941 axiv,377 p.b ill.,tablesc 22m. aMcGraw - Hill Series In Education aIncludes references and index aSchool Administration, Vocational Guidance aEducation aLCBED/371.42/MYE